| 000 | 00806nam a2200241 i 4500 | ||
|---|---|---|---|
| 001 | bgj | ||
| 100 | 1 | _aDE |JONG, Wout | |
| 245 | 1 | 0 |
_aOpen Frontiers : _bteaching English in an intercultural context / _cWout de Jong. |
| 260 |
_aOxford : _bHeinemann, _c1996. |
||
| 300 |
_aVIII, 118 pp ; _c25 cm. |
||
| 490 | 1 | _aThe European Language Classroom / [edited by] Arthur van Essen | |
| 504 | _aBibliography p. 115. | ||
| 650 | 9 |
_aEnglish language _xStudy and teaching _xForeign speakers |
|
| 650 | 9 | _aLanguages and culture | |
| 700 | 1 |
_aVAN |ESSEN, Arthur _eed. |
|
| 830 | 0 | _aThe European Language Classroom ([edited by] Arthur van Essen) | |
| 020 | _a0435241842 (pbk) | ||
| 040 | _cBPK | ||
| 041 | 0 | _aeng | |
| 920 | _a0-435-24184-2 (pbk) | ||
| 942 | _cKS | ||
| 008 | s uk f |000 0 eng | ||
| 999 |
_c48177 _d48177 |
||
| 856 |
_uhttp://koha.tu.koszalin.pl/cgi-bin/koha/opac-detail.pl?biblionumber=48177 _yKatalog online BPK |
||